000 00794nam a2200253Ia 4500
003 OSt
005 20220927111120.0
006 a|||||r|||| 00| 0
007 ta
008 220926b |||||||| |||| 00| 0 eng d
024 _a103377
037 _cReports
040 _aRTL
_cRTL
_beng
041 _2eng
_aeng
082 _a"z.236.N80t5:g(Y72), M1"
110 _a"Gujrat, Social welfare and Tribal development (Deptt)"
_9363231
245 0 _aTribal area sub-plan 1980-85
_b Statements
260 _aGandihinagar
_bGovt Press India
_c1981
300 _a117p.
_ccm.
650 _aGeneralia
700 _a"Gujrat, Social welfare and Tribal development (Deptt)"
_9363233
942 _h"z.236.N80t5:g(Y72), M1"
_cCC
999 _c698731
_d698731